| 000 | 00542 a2200181 4500 | ||
|---|---|---|---|
| 003 | OSt | ||
| 005 | 20240118105834.0 | ||
| 008 | 240118b |||||||| |||| 00| 0 eng d | ||
| 020 | _a9789391899189 | ||
| 040 | _coclc | ||
| 082 |
_a297.03 _bHAL/I |
||
| 100 |
_aHaleem, A A _91884 |
||
| 245 |
_aIslamika Vijnhanakosham Vol. 14= Islamic Encyclopaedia / _cA.A. Haleem |
||
| 250 | _a1st ed. | ||
| 260 |
_aKozhikode: _bIslamic Publishing House, _c2022. |
||
| 300 | _a962p. | ||
| 942 |
_2ddc _cBK _h297.03 _iHAL/I _k297.03 _mHAL/I |
||
| 999 |
_c43244 _d43244 |
||